Knowing your place : rural identity and cultural hierarchy
Αποθηκεύτηκε σε:
| Κύριος συγγραφέας: | |
|---|---|
| Άλλοι συγγραφείς: | |
| Μορφή: | Βιβλίο |
| Γλώσσα: | English |
| Δημοσίευση: |
New York :
Routledge,
c1997
|
| Θέματα: | |
| Ετικέτες: |
Προσθήκη ετικέτας
Δεν υπάρχουν, Καταχωρήστε ετικέτα πρώτοι!
|
MARC
| LEADER | 00000nam a2200000 i 4500 | ||
|---|---|---|---|
| 001 | 1/81068 | ||
| 008 | 990514s1997 eng d | ||
| 020 | |a 0-415-91544-9 | ||
| 035 | |l 10050800 | ||
| 040 | |a GR-MY-UA |b gre |e aacr | ||
| 041 | 0 | |a eng | |
| 082 | 0 | |a 307.72 | |
| 100 | 1 | |a Ching, Barbara |d 1958- | |
| 245 | 1 | 0 | |a Knowing your place : |b rural identity and cultural hierarchy / |c Edited by Barbara Ching and Gerald W. Creed |
| 260 | |a New York : |b Routledge, |c c1997 | ||
| 300 | |a 277 p. | ||
| 504 | |a Includes bibliographical references and index | ||
| 650 | 0 | 0 | |a Sociology, Rural. |
| 650 | 0 | 0 | |a Rural conditions. |
| 700 | 1 | |a Creed, Gerald W. |d 1958- | |
| 852 | |a INST |b LESVOS |e 19990514 |h 307.72 KNO |p 005100016305 |q 005100016305 |t BK |y 0 | ||
| 901 | |a BIBL1-1999-2 | ||
| 909 | |a Λ |b 062202 | ||
| 922 | |a 1ΕΛΗ |b 199812 |c ΚΠΣ/ΤΓ |d LEADER | ||
| 950 | |a 118-1998-10-19 | ||